00326nam a2200133Ia 4500008004100000041000800041082001400049100001900063245004400082250001400126260002300140300002400163365000500187240624s9999 xx 000 0 und d aeng a519.5 SAL aSALKIND NEIL J aSTUDY GUIDE TO ACCOMPANY NEIL J SALKIND a(5th ed.) c2015aLondonbSage a185 : p. : cm. ; 27 c